000 01389 a2200325 4500
003 OSt
005 20180116192350.0
008 120601t xxu||||| |||| 00| 0 eng d
010 _a 2008051590
020 _a9780295989105 (hardback : alk. paper)
020 _a0295989106 (hardback : alk. paper)
020 _a9780295989112 (pbk. : alk. paper)
020 _a0295989114 (pbk. : alk. paper)
035 _a(OCoLC)ocn268797375
040 _c0
082 0 0 _a953.32
100 1 _aUm, Nancy.
_93420
245 1 4 _aThe merchant houses of Mocha :
_btrade and architecture in an Indian Ocean port /
_cNancy Um.
260 _aSeattle :
_bUniversity of Washington Press,
_cc2009.
300 _axiii, 270 p. :
_bill., maps ;
_c23 cm.
490 1 _aPublications on the Near East
650 1 0 _aArchitecture and merchants
_zYemen (Republic)
_zMukhā
_xHistory
_y17th century.
_93421
650 1 0 _aArchitecture and merchants
_zYemen (Republic)
_zMukhā
_xHistory
_y18th century.
_93422
651 1 0 _aMukhā (Yemen)
_xCommerce
_xHistory
_y17th century.
_93423
651 1 0 _aMukhā (Yemen)
_xCommerce
_xHistory
_y18th century.
_93424
651 1 0 _aMukhā (Yemen)
_xBuildings, structures, etc.
_93425
830 0 _aPublications on the Near East, University of Washington.
_93426
942 _aSADA
_cBK
_k953.32 UMN 2009
_2ddc
999 _c352893
_d352893